000 00614nam a2200193Ia 4500
008 131103s9999 xx 000 0 und d
020 _a041230130X
040 _aLoreto College
041 _aEnglish
082 _a371.9995/ARI
_bLCLIB/Ed Sem Lib586/46574
245 _aArtificial intelligence and human learning
_b intelligent computer - aided instruction
_cedited by John Self
260 _aLondon
_bChalpman and Hill
_c1988
300 _axix,432 p.
_c 24 cm.
650 _aComputer - assisted Instruction
651 _aArtificial Intelligence
700 _aSelf,John,ed.
850 _aLCLIB
942 _cBK
999 _c10959
_d61438